Al occidente del Abra (Record no. 111895)

MARC details
000 -LEADER
fixed length control field 00848nam a22001937a 4500
005 - DATE AND TIME OF LATEST TRANSACTION
control field 20260218130416.0
008 - FIXED-LENGTH DATA ELEMENTS--GENERAL INFORMATION
fixed length control field 260218b cr |||||||| |||| 00| 0 spa d
050 04 - LIBRARY OF CONGRESS CALL NUMBER
Classification number F1549.S36
Item number B65 1999
100 1# - MAIN ENTRY--PERSONAL NAME
Personal name Bolaños Villalobos, Rafael.
245 10 - TITLE STATEMENT
Title Al occidente del Abra
Remainder of title : historia monográfica de Santo Domingo de Heredia
Statement of responsibility, etc / Rafael Bolaños Villalobos ; colaboración Floria Arrea Sierman.
250 ## - EDITION STATEMENT
Edition statement 1a ed.
260 ## - PUBLICATION, DISTRIBUTION, ETC. (IMPRINT)
Place of publication, distribution, etc San José, Costa Rica :
Name of publisher, distributor, etc Editorial Centro de Estudios e Investigaciones Sociales,
Date of publication, distribution, etc 1999.
300 ## - PHYSICAL DESCRIPTION
Extent 104 p. :
Other physical details il. ;
Dimensions 21 cm.
504 ## - BIBLIOGRAPHY, ETC. NOTE
Bibliography, etc Incluye apéndice, bibliografía e índice.
650 #7 - SUBJECT ADDED ENTRY--TOPICAL TERM
Source of heading or term lemb
Topical term or geographic name as entry element Ciudades y pueblos
General subdivision Historia
Geographic subdivision Costa Rica
-- Santo Domingo de Heredia
651 #7 - SUBJECT ADDED ENTRY--GEOGRAPHIC NAME
Source of heading or term naf
Geographic name Santo Domingo de Heredia (Costa Rica)
General subdivision Historia
700 1# - ADDED ENTRY--PERSONAL NAME
Personal name Arrea Sierman, Floria,
Relator term colaborador
942 ## - ADDED ENTRY ELEMENTS (KOHA)
Source of classification or shelving scheme Biblioteca del Cogreso de los Estados Unidos
Koha item type Libro
Holdings
Estado de pérdida Fuente de clasificación Estado del daño No para préstamo Ubicación permanente Ubicación actual Apartado o colección Fecha de adquisición Edición Área del conocimiento Total Checkouts Clasificación Código de Barras Date last seen Número de copia Costo por reposición Tipo de recurso Nota pública
  Biblioteca del Cogreso de los Estados Unidos     Biblioteca de la Facultad de Arquitectura Biblioteca de la Facultad de Arquitectura General 18/02/2026 1a ed. Ciencias Sociales y Administrativas   F1549.S36 B65 1999 BFA000006607 18/02/2026 1 1.00 Libro POSGRADO